Engineering fluid mechanics (Record no. 202)

MARC details
000 -LEADER
Fixed length control field 00502nam a2200181 4500
003 - CONTROL NUMBER IDENTIFIER
Control field SEACOMEC
005 - DATE AND TIME OF LATEST TRANSACTION
Control field 20240417131442.0
008 - FIXED-LENGTH DATA ELEMENTS--GENERAL INFORMATION
Fixed length control field 231007b |||||||| |||| 00| 0 eng d
040 ## - CATALOGING SOURCE
Original cataloging agency SEACOMEC
082 ## - DEWEY DECIMAL CLASSIFICATION NUMBER
Classification number 620.106
Book Number N218
100 1# - MAIN ENTRY--PERSONAL NAME
Personal name Narayana, P.A.
245 1# - TITLE STATEMENT
Title Engineering fluid mechanics
Statement of responsibility P.A. Aswatha Narayana and K.N. Seetharamu
260 ## - IMPRINT
Place of publication New Delhi
Name of publisher Narosa
Date of publication 2004
650 ## - SUBJECT ADDED ENTRY--TOPICAL TERM
Topical term Engineering
650 ## - SUBJECT ADDED ENTRY--TOPICAL TERM
Topical term Engineering mechanics and materials
700 1# - ADDED ENTRY--PERSONAL NAME
Personal name Seetharamu, K.N.
942 ## - ADDED ENTRY ELEMENTS (KOHA)
Koha item type Books
Holdings
Withdrawn status Lost status Source of classification Damaged status Not for loan Home library Current library Date acquired Total Checkouts Call number Accession number Date last seen Price effective from Koha item type Copy number
    Dewey Decimal Classification     SEACOM ENGINEERING COLLEGE SEACOM ENGINEERING COLLEGE 04/08/2006   620.106 N218 5171 17/04/2024 17/04/2024 Books  
    Dewey Decimal Classification     SEACOM ENGINEERING COLLEGE SEACOM ENGINEERING COLLEGE 28/05/2024   620.106 N218 5516 28/05/2024 28/05/2024 Books 1
© Seacom Engineering College, All rights reserved.      Powered by Koha